Barbarians to bureaucrats [ corporate life cycle strategies
| Main Author: | |
|---|---|
| Format: | Book |
| Published: |
Canada :
Random House ,
1989
|
| Subjects: |
MARC
| LEADER | 00000cam a2200000 7i4500 | ||
|---|---|---|---|
| 001 | 0000001422 | ||
| 002 | 000001562 | ||
| 005 | 20021021.0 | ||
| 020 | |a 0394580451 | ||
| 090 | 0 | 0 | |a 302.35 |b MIL |
| 100 | 1 | |a Miller, Lawrence M | |
| 245 | 1 | 0 | |a Barbarians to bureaucrats [ |h sound recording] : |b corporate life cycle strategies |c Lawrence M. Miller |
| 260 | |a Canada : |b Random House , |c 1989 | ||
| 300 | |a 1 sound cassette [1 hour:30 minutes] | ||
| 650 | 0 | 0 | |a Leadership |x Management |x Organizational sociology |
| 999 | |a 00028 |b KASET |c KOLEKSI AUDIO VIDEO |e PERPUSTAKAAN KOMUNITI PETALING JAYA | ||